| 000 | 00449nam a2200169Ia 4500 | ||
|---|---|---|---|
| 003 | SGT | ||
| 020 | _a9788120323667 | ||
| 082 |
_a621.392 _bBHA |
||
| 100 | _aBhasker,J | ||
| 245 | _aVHDL Primer | ||
| 250 | _a3rd . Ed. | ||
| 260 |
_bPHI Learning Private Limited _aNew Delhi _c1999 |
||
| 300 | _a373p. | ||
| 650 | _aELECTRONICS ENGINEERING | ||
| 653 | _aA TUTORIAL,BASIC LANGUAGE ELEMENTS,BEHAVIORAL MODELING, DATA-FLOW MODELING | ||
| 942 |
_2ddc _cBK |
||
| 999 |
_c5075 _d5075 |
||